00584nam a2200193Ia 4500003000400000005001700004008004100021040000700062041000800069082001400077100002500091245003400116260004900150300000900199650002000208942001300228999001900241952013000260OSt20260331102656.0250729s2005 xx 000 0 und d cAL aeng a4255 GRAE aGrant Taylor9230697 aEnglish conservation practice aNewdelhibTata Mc Graw Hill Publishingc2005 a301p aEnglish9230698 2ddccBED c238911d238911 00104070aALbALd2025-07-29eManagement Booksg100.00l0o4255 GRAEpBED04230r2025-07-29 16:57:06v100.00w2025-07-29yBK